Countries by average height - Statistics

General Stats
  • This quiz has been taken 620 times
  • The average score is 7 of 10
Answer Stats
Height (in) Country % Correct
72.36 Netherlands
92%
71.81 Norway
87%
71.89 Denmark
84%
71.26 Germany
84%
71.06 Croatia
56%
70.83 Luxembourg
56%
71.65 Serbia
56%
70.97 Slovenia
55%
70.98 Czech Republic
53%
72.13 Montenegro
45%
No matching quizzes found
Score Distribution
Percent of People with Each Score
Percentile by Number Answered
Your Score History
You have not taken this quiz